| 000 | 00781nam a22002177a 4500 | ||
|---|---|---|---|
| 999 |
_c8060 _d8060 |
||
| 003 | AR-CdUCM | ||
| 008 | 190322b ||||| |||| 00| 0 spa d | ||
| 040 |
_aMUNICIPALIDAD PROVINCIAL DEL CUSCO _cBIBLIOTECA MUNICIPAL DEL CUSCO |
||
| 082 |
_a633.341 / _bB89 |
||
| 100 |
_aBruno Angeles, José _922772 |
||
| 245 | _aLeguminosas alimenticias / | ||
| 260 |
_aLima : _bFraele, _c1990. |
||
| 300 |
_a136 paginas ; _bIlustraiones, _c20 cm. |
||
| 505 | _aContenido : Origen y evolución -- Taxonomía -- Morfología general -- Fisiología... | ||
| 650 |
_aLeguminosas _922773 |
||
| 650 |
_aGenética de las plantas _922774 |
||
| 650 |
_aDistribución domesticación y cultivo _922775 |
||
| 710 |
_aConsejo nacional de ciencia y tecnología _9406 |
||
| 942 |
_2ddc _cLIBROS |
||
| 945 | _awnts | ||